000
00285nam a2200109Ia 4500
008
190914s9999||||xx |||||||||||||| ||und||
100
_a
Hasan Askari Rizvi
245
4
_a
The Military & Politics In Pakistan 1947-1997
260
_a
New york
_b
Prentice
_c
2003
300
_a
406
942
_c
BK
999
_c
8711
_d
8711